Analýza možností výroby niacínu

Uložené v:
Podrobná bibliografia
Hlavný autor: Matejčíková, Anna (Autor)
Ďalší autori: Dudáš, Jozef (Vedúci práce)
Médium: Rukopis Kniha
Jazyk:Slovak
Vydavateľské údaje: 2017
Predmet:
On-line prístup:http://is.stuba.sk/zp/portal_zp.pl?podrobnosti=119460
Tagy: Pridať tag
Žiadne tagy, Buďte prvý, kto otaguje tento záznam!

MARC

LEADER 00000ntm a22000003a 4500
001 stuzp64789
003 SK-STU
005 20170715210905.1
007 ta
008 150427s2015----xo-----f-mn---000-0-slo-d
040 |a STU  |b slo 
041 0 |a slo 
100 1 |a Matejčíková, Anna  |u 046000  |4 aut  |U FCHPT Fakulta chemickej a potravinárskej technológie  |T FCHPT Ústav chemického a environmentálneho inžinierstva  |X 76829  |U C6000  |Y 104  |7 76829 
242 0 1 |a Niacin production processes analysis  |y eng 
245 1 0 |a Analýza možností výroby niacínu 
260 |c 2017 
650 4 |a niacín  |2 slo 
650 4 |a nikotínamid  |2 slo 
650 4 |a green chemistry  |2 slo 
650 4 |a niacin  |2 eng 
650 4 |a nicotinamide  |2 eng 
650 4 |a green chemistry  |2 eng 
700 1 |a Dudáš, Jozef  |u 046230  |k Z1  |4 ths  |U FCHPT Ústav chemického a environmentálneho inžinierstva  |T FCHPT Oddelenie chemického a biochemického inžinierstva  |X 60873  |U C6230  |Y 119  |7 A000060873 
856 4 |u http://is.stuba.sk/zp/portal_zp.pl?podrobnosti=119460